000 00564nam a2200217Ia 4500
003 OSt
005 20220928140649.0
006 a|||||r|||| 00| 0
007 ta
008 220927b |||||||| |||| 00| 0 eng d
024 _a10716
037 _cTextual
040 _aSDCL
_cSDCL
_beng
041 _2eng
_aeng
082 _aO-,3M57w, K7
100 _aMeyer Bernard C
_9496747
245 0 _aJoseph Conrad
_b A psychonanalytic biogaraphy.
260 _c1967
942 _hO-,3M57w, K7
_cTEXL
_2CC
999 _c813186
_d813186